| 000 | 02917cam a2200409 a 4500 | ||
|---|---|---|---|
| 005 | 20260322212056.0 | ||
| 008 | data | ||
| 010 | _a 2011038810 | ||
| 016 | 7 |
_a015986113 _2Uk |
|
| 020 | _a9780470617939 (hardback : acidfree paper) | ||
| 020 | _a0470617934 (hardback : acid-free paper) | ||
| 040 |
_aDLC _beng _cDLC _dBWX _dUKMGB _dBDX _dYDXCP _dCDX _dBWX |
||
| 041 | 0 | 9 | _aeng |
| 042 |
_anlmcopyc _anlmcopyc |
||
| 044 | _9United States | ||
| 050 | 0 | 0 |
_aBF637.C6 _bS69 2012 |
| 060 | 1 | 0 | _aWM 420 |
| 082 | 0 | 0 |
_a158.3 _223 |
| 084 |
_aPSY010000 _2bisacsh |
||
| 096 | _aWM 420 S697c 2012 | ||
| 100 | 1 |
_aSommers-Flanagan, John, _d1957- |
|
| 245 | 1 | 0 |
_aCounseling and psychotherapy theories in context and practice : _bskills, strategies, and techniques / _cJohn Sommers-Flanagan & Rita Sommers-Flanagan. |
| 250 | _a2nd ed. | ||
| 260 |
_aHoboken, N.J. : _bWiley, _cc2012. |
||
| 300 |
_axvi, 571 p. : _bill., port. ; _c25 cm. |
||
| 336 |
_atext _btxt _2rdacontent |
||
| 337 |
_aunmediated _bn _2rdamedia |
||
| 338 |
_avolume _bnc _2rdacarrier |
||
| 500 | _aMachine generated contents note: PrefaceAbout The AuthorsChapter 1: Psychotherapy And Counseling Essentials: An IntroductionChapter 2: Psychoanalytic ApproachesChapter 3: Individual Psychology And Adlerian Therapy Chapter 4: Existential Theory And TherapyChapter 5: Person-Centered ApproachesChapter 6: Gestalt Theory And TherapyChapter 7: Behavioral Theory And TherapyChapter 8: Cognitive-Behavioral Theory And TherapyChapter 9: Choice Theory And Reality Therapy Chapter 10: Feminist Theory And TherapyChapter 11: Constructive Theory And TherapyChapter 12: Family Systems Theory And TherapyChapter 13: Developing Your Multicultural Orientation And SkillsChapter 14: Integrative And Evidence-Based New Wave Therapies ReferencesName IndexSubject Index. | ||
| 504 | _aIncludes bibliographical references and index. | ||
| 520 |
_a"Student-friendly and comprehensive, Counseling and Psychotherapy Theories in Context and Practice, Second Edition provides an in-depth understanding of the origins, development, and key figures of each major theory and strongly emphasizes the application of these theories in real-world practice. Pedagogical features include opening chapter outlines, "Putting It In Practice" boxes, practitioner reflections, ethical highlights, case examples, as well as chapter summaries, chapter glossaries, and recommended readings and resources. The Second Edition includes a new section on treatment planning in each chapter and increased coverage of multicultural issues. A Study Guide for students is also available (978-0-470-90437-4)"-- _cProvided by publisher. |
||
| 650 | 1 | 2 |
_aPsychotherapy _xmethods _0https://id.nlm.nih.gov/mesh/D011613Q000379 |
| 650 | 2 | 2 |
_aCounseling _0https://id.nlm.nih.gov/mesh/D003376 |
| 650 | 2 | 2 |
_aPsychological Theory _0https://id.nlm.nih.gov/mesh/D011582 |
| 700 | 1 |
_aSommers-Flanagan, Rita, _d1953- |
|
| 001 | data | ||
| 999 |
_c1330 _d1330 |
||